Comunicazione e pastorale: sociologia pastorale degli strumenti della comunicazione sociale
保存先:
| 第一著者: | |
|---|---|
| フォーマット: | 図書 |
| 言語: | イタリア語 |
| 出版事項: |
Roma
Studio Romano della Comunicazione Sociale
1974
|
| 主題: | |
| タグ: |
タグ追加
タグなし, このレコードへの初めてのタグを付けませんか!
|
MARC
| LEADER | 00000nam a2200000 a 4500 | ||
|---|---|---|---|
| 001 | UCW8144 | ||
| 003 | CL-VaPUC | ||
| 008 | 880525e19740000IT |||||||||||||||||ita|d | ||
| 082 | 0 | 4 | |a 302 |b BAR |2 21 |
| 100 | 0 | |a Baragli, Enrico |e author |9 313250 | |
| 245 | 1 | 0 | |a Comunicazione e pastorale: sociologia pastorale degli strumenti della comunicazione sociale |
| 300 | |a 566 p | ||
| 942 | |c BK | ||
| 945 | |d 19880525 00:00:00 | ||
| 260 | |a Roma |b Studio Romano della Comunicazione Sociale |c 1974 | ||
| 650 | 0 | |a Teología pastoral |9 257832 | |
| 650 | 7 | |a COMUNICACION TEOLOGIA |2 CL-VaPUC |9 313251 | |
| 583 | |a last modification |c 19880525 00:00:00 |k Rodrigo Vera | ||
| 999 | |c 220608 |d 220606 | ||
| 952 | |0 0 |1 0 |4 0 |6 302_000000000000000_BAR_1974 |7 0 |8 A |9 213079 |a BIBTEO |b BIBTEO |d 2019-11-15 |i 2814129 |o 302 BAR 1974 |p 2814129 |r 2025-01-17 |w 2019-11-15 |y BK |k ICR | ||